[Event "EU-Cup 12th final play-off"]
[Site "Budapest"]
[Date "1996.11.24"]
[Round "5"]
[White "Almasi, Zoltan"]
[Black "Vaganian, Rafael A"]
[Result "1-0"]
[WhiteElo "2655"]
[BlackElo "2595"]
[Annotator "Gershon,A"]
[PlyCount "64"]
[EventDate "1996.11.25"]
[EventType "team-match"]
[EventRounds "1"]
[EventCountry "HUN"]
[SourceTitle "EXT 2020"]
[Source "ChessBase"]
[SourceDate "2019.10.17"]
[SourceVersion "1"]
[SourceVersionDate "2019.10.17"]
[SourceQuality "1"]
[WhiteTeam "Budapest Honved"]
[BlackTeam "Yerevan"]
[WhiteTeamCountry "HUN"]
[BlackTeamCountry "ARM"]

1. e4 {Tyomkin,D} e6 2. d4 d5 3. Nc3 Bb4 4. e5 b6 5. a3 Bf8 6. Bb5+ Bd7 7. Nf3
$146 (7. Bd3 c5 8. Nf3 Nc6 9. O-O a6 (9... Nge7 $6 10. Nb5 Ng6 11. c3 c4 12.
Bxg6 hxg6 13. Bg5 f6 14. exf6 gxf6 15. Bf4 (15. Bxf6 $142 $5 Qxf6 16. Nc7+ Kd8
17. Nxa8 Kc8 18. b3 $16) 15... Rc8 16. Nd6+ Bxd6 17. Bxd6 Kf7 $15 {De Firmian,
N-Bronstein,D/Oviedo (rapid) 1993/0-1}) 10. Bf4 (10. dxc5 bxc5 11. b3 Nge7 12.
Re1 Ng6 13. Na4 Qc7 14. Qe2 Nb8 15. Nb2 Be7 16. Bd2 Bc6 17. c4 d4 18. b4 $14 {
Knaak,R-Portisch,L/Dresden 1995/1/2-1/2}) (10. Re1 Nge7 11. Bg5 h6 12. Be3 cxd4
13. Bxd4 Nxd4 14. Nxd4 Nc6 15. Nxc6 Bxc6 16. Qg4 Qg5 17. Qe2 (17. Qxg5 hxg5 18.
Ne2 Bc5 19. c3 $14) 17... Bc5 18. Bxa6 O-O 19. Bb5 Bb7 20. Na4 $1 $16 {Mainka,
R-Vaganian,R/Porz ;CBM 31 1992/1/2-1/2 (70)}) 10... Nge7 11. Re1 Nxd4 12. Nxd4
cxd4 13. Ne2 Nc6 14. b4 b5 15. Ng3 g6 16. Nf1 Bg7 17. Nd2 f6 18. Nf3 fxe5 19.
Nxe5 O-O 20. Nxc6 Bxc6 21. Qe2 $14 {[%csl Ge6] Yagupov,I-Vaganian,R/Moscow 25'
;1992/1-0 (58)}) 7... Bxb5 (7... c5 8. Be3 (8. Bd3 Nc6 {-7.Bd3}) 8... Bxb5 9.
Nxb5 Qd7 10. Qe2 c4 11. Nc3 Nc6 12. O-O Nge7 $10) 8. Nxb5 Qd7 9. Qd3 Ne7 (9...
c5 $5 10. c4 $6 (10. b3 $142 a6 11. Nc3 Nc6 $13) (10. Nc3 Nc6 {Black gained a
tempo compared to the game.}) 10... dxc4 $140 $6 (10... a6 $142 11. Nc3 dxc4
12. Qxc4 b5 $15) 11. Qe4 $1 Nc6 12. dxc5 Bxc5 13. Be3 (13. Bg5 Nge7 14. Bxe7 (
14. Rd1 Nd5 15. Qxc4 Rc8 $15) 14... Bxe7 15. Rd1 Qb7 16. Rd6 (16. Nd6+ Bxd6 17.
exd6 O-O 18. Ng5 $140 g6 19. Qh4 f6 $17) 16... Rc8 17. Nxa7 Qxa7 18. Rxc6 Qa5+
19. Ke2 Qa8 20. Rxc8+ Qxc8 21. Rc1 b5 22. Nd4 (22. a4 Qa6 $14) 22... Qa6 (22...
Qd7 $4 23. Qa8+ Bd8 24. Rd1 $1 $18) 23. Qc6+ (23. Nc6 Bc5 $15) 23... Qxc6 24.
Nxc6 Kd7 25. Nxe7 Kxe7 26. a4 Rb8 27. axb5 Rxb5 28. Rxc4 $10) 13... Bxe3 14.
Nd6+ Ke7 15. fxe3 $16) 10. O-O a6 11. Nc3 c5 12. Be3 Nf5 13. Ne2 Nc6 14. c3 Be7
15. Rad1 O-O 16. Bc1 f6 (16... c4 $142 17. Qc2 b5 $132) 17. exf6 (17. g4 $2 c4
(17... fxe5 18. Nxe5 Nxe5 19. dxe5 Nh4 20. f4 $36) 18. Qc2 Nh6 19. Bxh6 gxh6
20. exf6 Rxf6 $17 {[%csl Gf3,Gg4][%cal Ge7d6,Gd6h2,Ga8f8,Gf6g6,Gg6g4]}) 17...
Bxf6 18. Rfe1 cxd4 19. Nexd4 Ncxd4 20. cxd4 $16 {It looks like it should be a
good position for black since he got rid of his "bad white - colour bishop",
but without this bishop the e6 pawn is very weak.} Nd6 21. Ne5 Qb5 $6 (21...
Qc7 $142 22. Ng4 $16) 22. Qxb5 Nxb5 23. Nd7 Rfe8 24. Nxb6 Rad8 25. Be3 Kf7 26.
Na4 (26. a4 Rd6 (26... Nd6 27. Bf4 $18) 27. axb5 (27. Nxd5 Rxd5 28. axb5 Rxb5
29. Re2 Reb8 $44) (27. a5 Rc6 $10) 27... Rxb6 28. bxa6 Rxa6 29. Bf4 Ra2 30. b4
Rb2 31. Rb1 Rxb1 32. Rxb1 Bxd4 33. Bc7 Rc8 $15) 26... Rc8 27. Nc5 a5 (27...
Nxd4 28. Nxa6 (28. Bxd4 Bxd4 29. Ne4 (29. Rxd4 Rxc5 $15) 29... Be5 30. Ng5+ Kf6
31. Nxh7+ Kf5 $13) 28... Nc2 29. Re2 Nxe3 30. fxe3 $16) 28. a4 $2 (28. b4 $142
$16) 28... Nd6 (28... Nxd4 $142 29. Bxd4 Bxd4 30. Rxd4 Rxc5 $15) 29. g4 Nc4 30.
b3 Nxe3 31. fxe3 e5 32. Nb7 Be7 $138 (32... Be7 33. Nxa5 Bb4 (33... Rc7 34. Rc1
$18) 34. Rf1+ Ke6 35. Nb7 Rc7 36. Nc5+ Bxc5 37. dxc5 Rxc5 38. Rc1 $18) 1-0

[Event "Martigny op"]
[Site "Martigny"]
[Date "1995.??.??"]
[Round "?"]
[White "Golubev, Mikhail"]
[Black "Huss, Andreas"]
[Result "1/2-1/2"]
[WhiteElo "2525"]
[BlackElo "2400"]
[Annotator "Golubev,M"]
[PlyCount "80"]
[EventDate "1995.08.??"]
[EventType "swiss"]
[EventRounds "7"]
[EventCountry "SUI"]
[SourceTitle "CBM 049"]
[Source "ChessBase"]
[SourceDate "1995.12.01"]
[SourceVersion "1"]
[SourceVersionDate "1995.12.01"]
[SourceQuality "1"]

1. e4 e6 2. d4 d5 3. Nc3 Bb4 4. e5 Qd7 5. a3 Bxc3+ 6. bxc3 b6 7. Qg4 f5 8. Qg3
Bb7 $5 (8... Nc6 9. Nh3 Bb7 $14) 9. Nh3 Nc6 10. Nf4 (10. Bb5 $13) 10... O-O-O
11. a4 Na5 12. Ba3 Nc4 13. Bxc4 $5 {N/} (13. Bd3 $13) 13... dxc4 14. a5 Ne7 $1
(14... g6 $14) 15. Qxg7 (15. axb6 axb6 16. Bxe7 $5 Qxe7 17. O-O Rhg8 18. Ra4 $5
(18. Ra7 Qf7 19. h4 g6 20. Rfa1 h6 $132)) 15... Nd5 $1 16. Qxd7+ Kxd7 17. Nxd5
Bxd5 18. axb6 axb6 19. f3 Ra8 20. Kf2 Ra4 21. Bb2 Rha8 22. Rxa4 Rxa4 23. Ra1
Rxa1 24. Bxa1 Bc6 25. Ke2 Ba4 26. Kd1 Kc6 27. Bb2 Kd5 28. Bc1 c5 29. dxc5 Kxc5
30. Bf4 Kd5 31. Kd2 Kc6 32. h4 Kd7 $10 33. Be3 b5 34. Bc5 Ke8 35. h5 Kf7 36. g4
fxg4 37. fxg4 Kg8 38. g5 Kf7 39. Bb6 Kg8 40. Bd8 Kf7 1/2-1/2

[Event "Rakvere Keres Memorial"]
[Site "Rakvere"]
[Date "1993.??.??"]
[Round "5"]
[White "Khalifman, Alexander"]
[Black "Ehlvest, Jaan"]
[Result "1/2-1/2"]
[WhiteElo "2645"]
[BlackElo "2620"]
[Annotator "Hansen,Cu"]
[PlyCount "66"]
[EventDate "1993.09.??"]
[EventType "tourn"]
[EventRounds "10"]
[EventCountry "EST"]
[EventCategory "15"]
[SourceTitle "CBM 038"]
[Source "ChessBase"]
[SourceDate "1994.02.01"]
[SourceVersion "1"]
[SourceVersionDate "1994.02.01"]
[SourceQuality "1"]

1. e4 e6 2. d4 d5 3. Nc3 Bb4 4. e5 Ne7 5. a3 Bxc3+ 6. bxc3 b6 7. Qg4 Ng6 8. h4
h5 9. Qd1 Ba6 10. Bxa6 Nxa6 11. Bg5 (11. a4 Nb8 12. a5 Nc6 13. axb6 cxb6 14.
Ne2 Na5 15. Ng3 Qc7 16. Ra3 Nc4 17. Rb3 a5 $17 {Van der Worm,T-Rogers,I/Biel
op/1992/}) (11. Nf3 Qd7 12. a4 Nb8 13. O-O Nc6 14. Bg5 Na5 15. Nd2 Ne7 16. Bxe7
Qxe7 17. g3 g6 $15 {Pietzsch,W-Byrne,R/Sarajevo/1967/}) 11... Qd7 (11... Qc8
12. Ne2 c5 13. O-O cxd4 14. cxd4 Qc4 15. Ng3 Nb8 16. f4 Ne7 17. Bxe7 Kxe7 18.
f5 {Renet,O-Apicella/Clichy/1993/}) 12. Ne2 Nb8 (12... Ne7 13. Nf4 (13. O-O
O-O-O 14. Nf4 Rdf8 15. Qd3 Nb8 16. Bxe7 Qxe7 17. Qg3 Nc6 {0,5/Parma,
B-Gunsberger/Hamburg EUchT/1965/}) 13... O-O-O 14. Nxh5 $16 {Dolmatov,S-Panno,
O/Palma de Mallorca/1989/}) (12... Nf8 13. Nf4 Qc6 14. Kd2 g6 15. g4 hxg4 16.
h5 Kd7 17. Qxg4 Qc4 18. Rh3 Re8 19. Rah1 Kc8 $10 {Rodriguez,A-Ivkov,B/Cambados/
1990/}) (12... Qc6 13. O-O (13. f4 Nb8 14. O-O Nd7 15. Qd3 Ndf8 16. f5 {
Portisch,L-Ivkov,B/Zagreb/1965/}) 13... Kd7 14. f4 Raf8 15. f5 exf5 16. Qd3 Nb8
17. Rxf5 $16 {Abramovic-Lputian,S/Erevan/1982/}) (12... Qa4 13. Rh3 Ne7 14. Nf4
g6 15. Qd2 Kd7 16. Bxe7 Kxe7 17. Rf3 Raf8 18. Nh3 c5 19. Ng5 $16 {Ivkov,
B-Byrne,R/Varna ol/1962/}) 13. Ng3 Qc6 14. Qf3 $6 (14. O-O $5 {/\Nxh5}) (14.
Kd2 $5 {/\Nxh5}) 14... Nd7 15. Bd2 Qa4 16. Nxh5 Rh7 $1 {קc2,קh4} 17. Rc1 (17.
Kd1 c5 $40) 17... c5 $15 18. Nf4 Nxh4 19. Qg4 Nf3+ 20. Ke2 Nfxe5 $1 21. Qg3 (
21. dxe5 Qc4+ $19) 21... Qb5+ (21... Qc4+ 22. Nd3 Rxh1 23. Rxh1 Ng6 24. Rh7
cxd4 $15) 22. Nd3 Rxh1 23. Rxh1 Ng6 24. Rh7 Nf6 25. a4 $1 $8 (25. Rxg7 Nh5 $17)
25... Qc4 (25... Qxa4 $5 26. Rxg7 Nh5 27. Rg8+ Kd7 28. Qf3 Rxg8 29. Qxf7+ Ne7
30. Ne5+ Kd8 31. Qxe6 $44 {/\Nf7+} (31. Qxh5 Qxc2 $17) 31... Qe8 32. Nf7+ Kc7
33. Qe5+ Kd7 34. Qxh5 $15) 26. Rxg7 Nh5 27. Qc7 Nxg7 28. Qc6+ Ke7 29. Bg5+ f6
30. Qb7+ Kf8 31. Qxa8+ Kf7 32. Qxa7+ Ne7 33. Kd1 {/\Qxb6//\Nxe5} cxd4 (33...
cxd4 34. cxd4 $10 (34. Ne5+ $6 fxe5 35. Qxe7+ Kg8 36. Bf6 Qf1+ 37. Kd2 Qxf2+
38. Kc1 Qg1+ 39. Kb2 dxc3+ 40. Ka2 Qxg2 41. Bxg7 Qxg7 42. Qxe6+ Qf7 43. Qxe5
$15)) 1/2-1/2

[Event "Vidmar Memorial"]
[Site "Portoroz"]
[Date "1993.??.??"]
[Round "?"]
[White "Sokolov, Ivan"]
[Black "Farago, Ivan"]
[Result "1-0"]
[WhiteElo "2640"]
[BlackElo "2510"]
[Annotator "Hansen,Cu"]
[PlyCount "99"]
[EventDate "1993.06.??"]
[EventType "tourn"]
[EventRounds "11"]
[EventCountry "SLO"]
[EventCategory "12"]
[SourceTitle "CBM 037"]
[Source "ChessBase"]
[SourceDate "1993.12.01"]
[SourceVersion "1"]
[SourceVersionDate "1993.12.01"]
[SourceQuality "1"]

1. d4 e6 2. e4 d5 3. Nc3 Bb4 4. e5 Ne7 5. Bd2 b6 6. Qg4 (6. Nce2 Bxd2+ 7. Qxd2
Ba6 (7... O-O 8. f4 c5 9. c3 Ba6 10. Nf3 Nbc6 11. Ng3 Bxf1 12. Rxf1 f6 13. Kf2
fxe5 14. fxe5 Ng6 15. Kg1 Qe7 16. Rf2 Nh4 $10 {Marjanovic,S-Psakhis,L/Bor/1985/
}) 8. f4 (8. Nf3 c5 (8... Qd7 9. h4 c5 10. c3 Nbc6 11. Nf4 Bxf1 12. Kxf1 a5 {
Spiriev,F-Portisch,F/Budapest/1989/}) 9. c3 O-O 10. Nf4 Bxf1 11. Kxf1 Nbc6 $10
{Wahls,M-Yusupov,A/BL/1992/}) 8... Nf5 9. O-O-O c5 $10 {Dubinin,P-Sokolski,A/
corr/1966/}) (6. Nb5 Bxd2+ 7. Qxd2 O-O (7... a6 8. Na3 a5 9. Nb5 O-O 10. Nf3
Ba6 11. Bd3 c5 12. b3 Nbc6 13. O-O Bxb5 14. Bxb5 Nxd4 $10 {Ljubojevic,
L-Seirawan,Y/Mar del Plata/1981}) (7... Ba6 8. Qc3 Bxb5 9. Bxb5+ c6 10. Bd3 Nd7
11. Qd2 O-O 12. f4 c5 13. c3 f5 14. Nf3 $14 {Ciocaltea,V-Voiculescu,P/Romania/
1969/}) 8. f4 Ba6 9. Nf3 Qd7 10. Nc3 Bxf1 11. Rxf1 c5 12. O-O-O Nbc6 13. g4 $14
{Watson,W-Mc Donald,N/London/1987/}) (6. Nf3 Ba6 7. Ne2 Bxd2+ 8. Qxd2 Qd7 (8...
c5 9. c3 Nbc6 10. g3 cxd4 11. cxd4 Nf5 $10 {Damjanovic,M-Huss,A/Prague
Bohemians/1988/}) 9. g3 c5 10. c3 Nbc6 $10 {Sax,Gy-Vaiser,A/Szirak/1985/}) (6.
h4 Nf5 7. Nf3 c5 8. Bd3 Ba6 9. Bxf5 exf5 10. Ne2 $13 {Hebden,M-Arkell,K/London
WFW/1988/}) (6. f4 Ba6 (6... Bxc3 7. Bxc3 a5 8. Qd2 Qd7 9. Qf2 Ba6 10. Nf3 Bxf1
11. Rxf1 Nbc6 $10 {Karolyi,T-Lamoureux,C/Oakham/1993/}) 7. Bxa6 Nxa6 8. Qe2 Nb8
9. Nf3 Nbc6 10. O-O-O h5 11. g3 Nf5 12. Qd3 Bxc3 13. Bxc3 a5 14. a3 $10 {
Mikhalchishin,A-Eingorn,V/EU-Cup/1984/}) (6. Bb5+ c6 7. Ba4 O-O 8. Nce2 Bxd2+
9. Qxd2 f6 10. Nf3 Ng6 $10 {Berthelot,Y-Luce,S/french tt/1991/}) (6. Nh3 Nf5 7.
g4 Ne7 8. Nf4 c5 9. Nb5 Bxd2+ 10. Qxd2 O-O 11. c3 Nbc6 $13 {Pichler,J-Zlotnik,
B/Moscow II/1990/}) 6... Ng6 (6... Nf5 7. Bd3 (7. Nge2 h5 8. Qf4 Be7 9. h4 Nxh4
10. O-O-O Nc6 11. g4 $13 {Mirumian,A/Baklan,V/URS-chJ/1992/}) 7... h5 8. Qf4
Qh4 9. Qxh4 Nxh4 10. g3 Nf5 11. Nb5 (11. Nge2 Bxc3 12. Bxc3 Ba6 $10 {Seils,
J-Stolz,M/2.BLN/1992/}) 11... Bxd2+ 12. Kxd2 Kd7 13. Bxf5 exf5 14. h4 $14 {
Cladouras,P-Stolz,M/2.BLN/1992/}) (6... O-O 7. Nf3 Ba6 8. Bxa6 Nxa6 9. Rd1 Bxc3
10. bxc3 Qd7 $15 {Timman,J-Hubner,R/Linares/1985/}) 7. h4 h5 8. Qg3 Ba6 (8...
Be7 9. Nf3 $14) 9. Bxa6 Nxa6 10. Nf3 (10. Qd3 Qc8 (10... Nb8 $4 11. Qb5+) 11.
Nf3 $13) 10... Be7 (10... Qd7 $5 {/\0-0-0//\c5}) 11. Bg5 Nb4 12. O-O-O Nc6 (
12... Qd7 $5 13. Bxe7 Qxe7 $10) 13. Ne2 Qd7 14. Kb1 O-O-O 15. Rh3 (15. Bxe7 $6
Ncxe7 {/\Nf5}) 15... Kb7 16. Bd2 {/\17.Nf4 Nxf4 18.Qxf4 + Rg3 ><g7} Rdg8 17.
Ng5 (17. Nf4 Nxf4 18. Qxf4 f6 $132) 17... Bd8 (17... Nd8 $2 18. Nxf7 $18) 18.
f4 Rf8 {/\Nce7-f5} 19. Qd3 Nge7 (19... Nce7 $5 20. Ng3 f6 $132) 20. Ng3 g6 (
20... f6 21. Nf3 $14 {ץd8}) 21. Nf3 Nf5 22. Nxf5 exf5 {/\Be7,Nc6-d8-e6} 23. c4
Be7 24. Rc1 Rd8 (24... Nd8 25. Ng1 Ne6 26. Ne2 $14) 25. c5 bxc5 (25... Rc8 $5 {
/\Nd8,c7-c6,Ne6}) 26. dxc5 Rb8 27. Ka1 Ka8 28. Rhh1 Rhd8 29. Rhd1 d4 (29... Rb7
30. Be1 $14) 30. Rc4 Qd5 {/\Qe4} 31. Re1 Qe6 (31... Bxc5 $2 32. Rec1 Nb4 33.
Bxb4 Bxb4 34. Rxd4 $18) 32. b4 {/\a2-a4,b4-b5 +-} Qc8 33. Nxd4 {/\Qf3 +-} (33.
a4 Qa6 $132) 33... Rxd4 (33... Bxh4 34. Qf3 Qb7 (34... Bxe1 35. Qxc6+ Qb7 36.
Qxb7+ Kxb7 37. Bxe1 $18) 35. Nxc6 Rxd2 36. Rf1 Re8 37. Rc3 {/\Ra3} Re6 38. b5
Rxc6 39. Qxc6 Qxc6 40. bxc6 Rxg2 41. Rb1 $18) 34. Rxd4 Nxd4 35. Qxd4 Qd8 (35...
Bxh4 36. Rd1 Qe6 $13) 36. Qxd8 Rxd8 37. Bc3 Bxh4 38. Re3 Bf2 (38... a6 {
/\Kb7-c6} 39. e6 $16) 39. Rf3 Bd4 40. Kb2 Kb7 41. Rd3 $1 Bxc3+ 42. Kxc3 Rg8 (
42... Rxd3+ 43. Kxd3 $18) 43. b5 g5 44. a4 gxf4 45. Rd7 f3 $6 (45... Rxg2 $5
46. Rxf7 Re2 47. Rxf5 {/\Kd4-d5} (47. Kd4 Rd2+ $1 (47... f3 48. Rxf5 f2 {
-> 47.Rxf5}) 48. Kc4 f3 49. Rxf5 f2 50. a5 (50. e6 a6 $1 $10 (50... h4 $2 51.
a5 $18 {/\c6+})) 50... Kc8 $1 51. e6 Kd8 $13) 47... a6 (47... f3 48. Kd4 (48.
a5 {/\c6+} Kc8) (48. Rxh5 f2 49. Rf5 Rxe5 $10) 48... f2 49. a5 {/\c6+} Kc8 50.
Kd5 $1 (50. c6 Kd8 51. Kd5 Ke7 $13) 50... h4 51. Ke6 $18 {/\Rf8+}) (47... Re4
48. a5 {/\c6+} (48. Kb3 a6 $10 {-> 47..a6}) (48. Kd3 Rxa4 49. e6 Ra3+ 50. Kd4
Re3 51. Re5 (51. Kd5 f3 $10) 51... Rxe5 52. Kxe5 f3 53. e7 f2 54. e8=Q f1=Q 55.
c6+ Kb6 56. Qb8+ Kc5 57. Qxa7+ Kxb5 $10) 48... a6 49. b6 {/\Rf7} cxb6 50. axb6)
48. Kd4 $1 (48. Rxh5 Re4 $1 (48... axb5 49. axb5 f3 50. Rf5 f2 51. Kd4 $18 {
/\Kd5}) 49. Kb3 (49. Kd3 Rxa4 50. e6 (50. bxa6+ Rxa6 51. Ke4 Ra4+ $10) 50...
axb5 51. e7 Ra8 $15) 49... f3 50. Rf5 f2 $10) 48... Ra2 (48... axb5 49. axb5 h4
50. Rxf4 h3 51. Rh4 h2 52. Kd5 Rd2+ 53. Ke6 Rc2 54. Kf6 Rxc5 55. Rxh2 Rxb5 56.
e6 $18) 49. bxa6+ Kc6 (49... Kxa6 50. e6 Rxa4+ (50... Re2 51. Re5 $1 f3 52. e7
Rxe5 53. Kxe5 f2 54. e8=Q f1=Q 55. Qa8#) 51. Kd5 $18 {עa6}) 50. Rf6+ Kd7 51.
Kc4 Rxa4+ 52. Kb5 Ra1 53. Rxf4 $18) (45... Rg3+ 46. Kc4 $1 (46. Kd4 Rxg2 47.
Rxf7 Rd2+ 48. Kc4 f3 49. Rxf5 f2 50. a5 Kc8 51. e6 Kd8 52. b6 cxb6 53. cxb6
axb6 54. axb6 Ke7 $10) 46... Rxg2 (46... Re3 47. Kd4 (47. Kd5 $4 Rd3+) (47.
Rxf7 Rxe5 48. a5 $16 {/\c6+}) 47... Re4+ 48. Kd5 Rxa4 49. Rxf7 $16) 47. Rxf7
Rg5 48. Kd3 $16 (48. e6 $2 f3 49. Kd3 (49. e7 $2 f2 50. e8=Q f1=Q+) 49... Rg6
$13)) 46. gxf3 h4 47. Rxf7 Rh8 48. e6 h3 49. a5 h2 50. c6+ {Hansen,Cu} (50. c6+
Kc8 51. e7 $18) 1-0

[Event "Alushta Autumn 1st"]
[Site "Alushta"]
[Date "2002.09.16"]
[Round "2"]
[White "Yagupov, Igor"]
[Black "Arbakov, Valentin"]
[Result "1-0"]
[WhiteElo "2460"]
[BlackElo "2445"]
[Annotator "Hecht,H"]
[PlyCount "97"]
[EventDate "2002.09.15"]
[EventType "tourn"]
[EventRounds "15"]
[EventCountry "UKR"]
[EventCategory "9"]
[SourceTitle "CBM 092"]
[Source "ChessBase"]
[SourceDate "2003.02.06"]
[SourceVersion "1"]
[SourceVersionDate "2003.02.06"]
[SourceQuality "1"]

1. e4 e6 2. d4 d5 3. Nc3 Bb4 4. e5 b6 5. a3 Be7 6. Bb5+ c6 7. Ba4 Bd7 8. Nce2
c5 9. Bb3 Nc6 10. Nf3 Na5 11. Ba2 Bb5 12. O-O h5 13. c3 Qd7 14. Bg5 h4 15. Re1
c4 16. Nf4 Ba4 17. Qe2 O-O-O 18. g3 hxg3 19. fxg3 Bb3 20. Bxb3 Nxb3 21. Rad1
Re8 22. Bxe7 Qxe7 23. h4 Nh6 24. Kg2 Nf5 25. Rh1 Na5 26. Kf2 Nc6 27. Ng5 Nd8
28. b3 cxb3 29. c4 dxc4 30. Qxc4+ Kb8 31. Qxb3 Nc6 32. Nf3 Rd8 33. Qb2 Qb7 34.
d5 exd5 35. Rxd5 Rxd5 36. Nxd5 Ncd4 37. Nxd4 Qxd5 38. Rd1 Ka8 39. Qc3 Qe4 40.
Nxf5 Qxf5+ 41. Qf3+ Qxf3+ 42. Kxf3 Rb8 43. Rd7 Rb7 44. Rd8+ Rb8 45. Rxb8+ Kxb8
{Der potentielle weiße entfernte Freibauer auf der h-Linie bindet den
schwarzen König. Dadurch hat der weiße König Zeit, am Damenflügel aufzuräumen
und zurück zu kehren.} 46. h5 Kc7 47. g4 Kd7 48. g5 Ke7 49. Ke4 (49. Ke4 f6 (
49... b5 50. Kd5 a5 51. Kc5 b4 52. axb4 axb4 53. Kxb4 Kf8 54. Kc5 Ke7 55. h6
gxh6 56. gxh6 Kf8 57. Kd6 Kg8 58. Ke7 $18) 50. h6 gxh6 51. gxh6 Kf7 52. e6+ $18
) 1-0

[Event "FIDE-Wch k.o."]
[Site "New Delhi/Teheran"]
[Date "2000.11.29"]
[Round "1.6"]
[White "Minasian, Artashes"]
[Black "Villamayor, Buenaventura"]
[Result "1-0"]
[WhiteElo "2595"]
[BlackElo "2495"]
[Annotator "Hecht,H"]
[PlyCount "107"]
[EventDate "2000.11.27"]
[EventType "k.o."]
[EventRounds "7"]
[EventCountry "IND"]
[SourceTitle "CBM 081"]
[Source "ChessBase"]
[SourceDate "2001.03.20"]
[SourceVersion "1"]
[SourceVersionDate "2001.03.20"]
[SourceQuality "1"]

1. e4 e6 2. d4 d5 3. Nc3 Bb4 4. e5 Ne7 5. a3 Bxc3+ 6. bxc3 b6 7. Qg4 Ng6 8. h4
h5 9. Qg3 Ba6 10. Bxa6 Nxa6 11. a4 Nb8 12. a5 Nc6 13. a6 Nce7 14. Bg5 Nf5 15.
Qd3 Qd7 16. Ne2 Rc8 17. g3 c5 18. O-O cxd4 19. cxd4 Rc4 20. c3 Qc6 21. Ra3 Nge7
22. Qf3 Ra4 23. Rfa1 Rxa3 24. Rxa3 Qc4 25. Nf4 g6 26. Bf6 Rg8 27. Nh3 Nc6 28.
Ng5 b5 29. Ra1 b4 30. cxb4 Nfxd4 31. Qd1 Ne2+ 32. Kg2 Nc3 33. Qc1 d4 34. Kh2
Qxb4 35. Ne4 Kd7 36. Nxc3 Qxc3 37. Qxc3 dxc3 38. Rc1 Rb8 39. Rxc3 Rb6 40. Ra3
Nb4 41. Rb3 Nd5 42. Ra3 Kc6 43. Bg5 Kd7 44. Kg2 Rc6 45. Rf3 Ke8 46. Rb3 Rb6 47.
Rxb6 Nxb6 {[#] Die Kraft des Läufers (Springerbeherrschung)} 48. Be3 Nc8 49.
Kf3 Kd7 50. Kf4 Ne7 (50... Kc6 51. Kg5 Kd5 (51... Kd7 52. Kf6 Ke8 53. Bc5 $18 {
[%csl Ga7,Gb6,Gd6,Ge7]}) 52. Kf6 Ke4 53. Kxf7 Kxe5 54. Kxg6 $18) 51. Bxa7 Nd5+
52. Kg5 Nb4 53. Bc5 Nxa6 54. Bd6 {[%csl Gb4,Gb8,Gc5,Gc7]} 1-0

[Event "Winterthur"]
[Site "Winterthur"]
[Date "1996.??.??"]
[Round "1"]
[White "Hjartarson, Johann"]
[Black "Huss, Andreas"]
[Result "1-0"]
[WhiteElo "2565"]
[BlackElo "2365"]
[Annotator "Hjartarson,J"]
[PlyCount "91"]
[EventDate "1996.09.??"]
[EventType "tourn"]
[EventRounds "11"]
[EventCountry "SUI"]
[EventCategory "9"]
[SourceTitle "CBM 055"]
[Source "ChessBase"]
[SourceDate "1996.12.01"]
[SourceVersion "1"]
[SourceVersionDate "1996.12.01"]
[SourceQuality "1"]

1. e4 e6 2. d4 d5 3. Nc3 Bb4 4. e5 Qd7 5. Bd2 Bxc3 {Even though it is hard to
justify such a loss of time, this swop is based on the underlying strategic
idea that White s Bc3 may become a potential target after the advance b6-c5.}
6. Bxc3 b6 7. a4 $5 {This move is aimed at provoking Black s reply, after
which his pawns on the Q-side will be fixed on black squares, thus making them
targets for Bc3 and less mobile at the same time.} (7. Nf3 Ba6 8. Bxa6 Nxa6 9.
Qe2 Nb8 10. O-O Ne7 11. a4 a5 12. b3 O-O 13. Bb2 c5 14. Rfd1 Na6 15. c4 $14 {
Stean,M-Blau,M/Bath tm 1973}) 7... a5 (7... Ba6 $142 8. Ne2 $6 {White s 7th
move is totally pointless if he continues as in this game.} (8. Bxa6 Nxa6 9. a5
$1 {Preventing the advance c7-c5. In this type of closed French Winawer, it is
normally to Black s benefit to keep the position closed for as long as
possible, for he is usually lagging behind in development and needs time
before he can start advancing. Some of the games of Tigran Petrosian in this
opening are particulary instructive in this respect, e.g. Olafsson-Petrosian,
Bled 1961.} Nb8 (9... b5 $6 10. b4 $1 Ne7 11. Bd2 O-O 12. Qg4 $16) (9... Ne7
10. axb6 axb6 11. Qd3 b5 12. Nf3 $14) 10. axb6 cxb6 11. Qg4 f5 12. Qg3 $14)
8... Ne7 9. h4 (9. a5 $142 $14) 9... h6 10. Rh3 $2 (10. a5 $13) (10. Nf4 $13)
10... c5 $15 {Micheli Carlo-Illi HJ/ Zurich (op) 1989}) 8. Nh3 $1 $146 (8. Bb5
c6 9. Bd3 {This manoeuvre loses some time, since the B s can be swopped off
anyway on a6 as in the game, leaving the Na6 rather badly placed.} Ba6 10. Qg4
(10. Nh3 $14) 10... f5 (10... Kf8 $5) 11. exf6 Nxf6 12. Qe2 O-O 13. Nf3 Bxd3 (
13... Bxd3 14. cxd3 $1 $14 {xe5}) (13... Ne4 14. Qe3 Bxd3 15. cxd3 Nd6 $10) 14.
Qxd3 Qe8 15. O-O Nbd7 16. Rae1 Ne4 17. Nd2 Nd6 18. Re2 $14 {Elseth,R-Ostenstad,
B/Eu-Cup/1991}) 8... Ba6 9. Bxa6 Nxa6 10. Nf4 g6 (10... Ne7 $2 11. Nh5 $16) 11.
b3 Ne7 12. O-O c5 13. dxc5 $1 Nxc5 {xb6} (13... bxc5 $2 14. Bxa5 Nc6 15. Qe1 $1
$18) 14. Bb2 Rd8 15. Qf3 (15. Qg4 $1 $16) 15... O-O 16. Rfd1 $6 {One of the
most common problems confronting chessplayers, is how to manoeuvre the two
rooks on the first rank. In this case White takes the wrong decision. The KR
should be placed on e1, where it acts as a deterrent to the advance of Black s
fP, which he managed to carry out rather successfully in the game.} (16. Rad1
$1 Nc6 17. Rfe1 d4 $6 18. Qg3 f6 19. exf6 Rxf6 20. Nd3 $16) 16... Nc6 17. Qg4
$6 (17. Qg3 $142 $14) 17... d4 18. Qg3 f6 19. exf6 Rxf6 (19... e5 $5 20. Nd3
Nxd3 (20... Ne4 $6 21. Nxe5 $1 Qe6 22. Qh4 Qxe5 23. Re1 Rde8 (23... Qxf6 $2 24.
Rxe4 Qxh4 25. Rxh4 d3 26. Rc4 $18) 24. f3 Qxf6 25. Rxe4 Qxh4 26. Rxh4 Re2 27.
Bxd4 Nxd4 28. Rxd4 Rxc2 29. Rad1 $16) 21. Qxd3 Rxf6 22. Rd2 $14) 20. Nd3 Qf7 $4
{After having defended very resourcefully in a difficult position, Black makes
an inocuous-looking move, which amazingly, seems to lose by force, due to a
hidden tactical finesse.} (20... Nxd3 21. Qxd3 Qd5 22. f3 $14) 21. Ne5 $18 Nxe5
22. Qxe5 Rf5 (22... Rd5 23. Qb8+ $18) 23. Rxd4 $1 Rf8 (23... Rxe5 24. Rxd8+ Kg7
25. Bxe5+ $18) 24. Rf4 $1 (24. Rd7 $4 Qxd7 25. Qh8+ Kf7 $19) 24... Rxe5 25.
Rxf7 Rxf7 26. Bxe5 Rd7 27. Bf4 Na6 28. Kf1 Nb4 29. c3 Nd3 30. Rd1 e5 31. Be3 e4
32. f3 Rc7 33. c4 Nc5 34. Rd8+ Kf7 35. Rh8 $1 Ke6 (35... Kg7 36. Bd4+ $18) 36.
Rb8 Rc6 37. Bxc5 bxc5 38. Re8+ Kd6 39. Rxe4 Rb6 40. Re3 h5 41. h4 Rb7 42. Kf2
Rf7 43. Rd3+ Kc6 44. Ke3 Re7+ 45. Kf4 Re2 46. g4 1-0